Statystyki dla Kształty państw europejskich (wersja losowa)

Kliknij tutaj aby rozwiązać quiz!

Ogólne statystyki

  • Ten quiz został rozwiązany 2 166 razy
  • Średni wynik to 13 z 16

Statystyki odpowiedzi

Odpowiedź% Poprawnych
Polska
97%
Włochy
96%
Norwegia
95%
Francja
94%
Hiszpania
94%
Niemcy
94%
Rosja
94%
Wielka Brytania
94%
Grecja
93%
Szwecja
93%
Ukraina
93%
Chorwacja
91%
Finlandia
91%
Islandia
91%
Austria
90%
Czechy
89%
Rumunia
89%
Portugalia
87%
Litwa
86%
Słowacja
86%
Węgry
86%
Dania
85%
Kosowo
85%
Białoruś
83%
Irlandia
83%
Szwajcaria
83%
Bośnia i Hercegowina
81%
Watykan
80%
Holandia
79%
Łotwa
79%
Serbia
79%
Albania
78%
Bułgaria
77%
Macedonia Północna
76%
Mołdawia
76%
Estonia
73%
Monako
72%
Belgia
70%
Malta
68%
Czarnogóra
63%
Luksemburg
59%
Słowenia
59%
Liechtenstein
57%
Andora
53%
San Marino
48%

Rozkład punktacji

Percentyl według liczby udzielonych odpowiedzi

Procent ludzi z każdym wynikiem

Twoja historia wyników

Nie rozwiązałeś tego quizu